Řízení vodního hospodářství v tržních podmínkach.

V ČSFR je schválený zákon o vodách č. 138/1973 Zb., ale chýba správca podzemných vôd. Málo účinná aj kategória chránenej oblasti prirodzenej akumulácie vôd. Pre vodné hospodárstvo je zhubné skracovanie vodných tokov. Systematické porušovanie ukazovateľov prípustného stupňa znečistenia povrchových vô...

Descrizione completa

Salvato in:
Dettagli Bibliografici
Autore principale: Zeman, J.
Natura: Capitolo di libro
Lingua:ceco
Soggetti:
Tags: Aggiungi Tag
Nessun Tag, puoi essere il primo ad aggiungerne!!

MARC

LEADER 00000naa a2200000 4500
001 r004232
005 20221125080536.3
041 0 |a cze 
044 |a [CS] 
245 1 0 |a Řízení vodního hospodářství v tržních podmínkach.  |c J. Zeman 
520 |a V ČSFR je schválený zákon o vodách č. 138/1973 Zb., ale chýba správca podzemných vôd. Málo účinná aj kategória chránenej oblasti prirodzenej akumulácie vôd. Pre vodné hospodárstvo je zhubné skracovanie vodných tokov. Systematické porušovanie ukazovateľov prípustného stupňa znečistenia povrchových vôd. Cenová politika vo vodnom hospodárstve. 
610 2 0 |a riadenie odvetví 
610 2 0 |a vodohospodárstvo 
610 2 0 |a ČSFR 
610 2 0 |a znečistenie vôd 
610 2 0 |a politika cenová 
610 2 0 |a voda 
100 1 |a Zeman, J.